000 01159nam a22002777a 4500
003 PE SENCICO BE
005 20251020182643.0
008 230927b |||||||| |||| 00| 0 eng d
040 _aPE SENCICO BE
_cPE SENCICO BE
041 _aspa
084 _aI
_aEDI
_a2012
_bG21
100 1 _91632
_aGallegos San Miguel, Alejandro Vidal
_eautor
245 1 _aElaboración de presupuesto de obra a nivel de ejecución para expediente técnico /
_cAlejandro Vidal Gallegos San Miguel
260 _aLima :
_c2012
300 _a[5] h. :
_bplans. pleg. ;
_c30 cm.
502 _aMonografía de Titulación.-- Servicio Nacional de Capacitación para la Industria de la Construcción. Escuela Superior Técnica. Carrera Profesional Técnica en Edificaciones, 2012.
610 1 0 _91633
_aLima. Municipalidad. Parque de las Leyendas
650 1 0 _9863
_aPresupuestos de obra
650 2 0 _9615
_aPlanos
650 2 0 _91474
_aParques urbanos
650 2 0 _9760
_aEspacios públicos
650 2 0 _9599
_aMetrados
710 1 _aServicio Nacional de Capacitación para la Industria de la Construcción.
_bEscuela Superior Técnica
_91065
910 _bhfp
_chfp
942 _cMON
999 _c4345
_d4345